[Event "AUTO-OPEN-2258"]
[Site "http://www.queenalice.com/game.php?id=897691"]
[Date "2011.2.8"]
[Round "1"]
[White "cucalegal"]
[Black "fogao2011"]
[Result "1-0"]
[WhiteElo "1603"]
[BlackElo "1379"]

1. e4 e6 2. e5 d6 3. exd6 Bxd6 4. d4 Nf6 5. h3 O-O 6. Nf3 Nbd7 7. Nc3 e5 8. Be3
e4 9. Nd2 Re8 10. g3 Nb6 11. Bg2 Bf5 12. g4 Bg6 13. h4 h5 14. g5 1-0

[Event "AUTO-OPEN-2258"]
[Site "http://www.queenalice.com/game.php?id=897692"]
[Date "2011.2.8"]
[Round "1"]
[White "fogao2011"]
[Black "Catamarca"]
[Result "0-1"]
[WhiteElo "1356"]
[BlackElo "1759"]

1. e4 d6 2. d4 Nf6 3. Bd3 g6 4. c3 Bg7 5. Nf3 O-O 6. O-O Nbd7 7. Re1 b6 8. Bg5
Bb7 9. Nbd2 a6 10. a4 c5 11. h3 h6 0-1

[Event "AUTO-OPEN-2258"]
[Site "http://www.queenalice.com/game.php?id=897693"]
[Date "2011.2.8"]
[Round "1"]
[White "Catamarca"]
[Black "fogao2011"]
[Result "1-0"]
[WhiteElo "1761"]
[BlackElo "1356"]

1. d4 e6 2. c4 d5 3. c5 b6 4. b4 a5 5. Qa4+ Bd7 6. b5 bxc5 7. e3 Nf6 8. Ba3 c4
9. Bxf8 Kxf8 10. Nc3 c6 11. Rb1 1-0

[Event "AUTO-OPEN-2259"]
[Site "http://www.queenalice.com/game.php?id=898028"]
[Date "2011.2.9"]
[Round "1"]
[White "paco78"]
[Black "fogao2011"]
[Result "1-0"]
[WhiteElo "1799"]
[BlackElo "1356"]

1. d4 e6 2. c4 d5 3. cxd5 exd5 4. Nc3 Nf6 5. Bg5 c6 6. Nf3 Be7 7. Bxf6 Bxf6 8.
e3 Qb6 9. b3 Bg4 10. h3 Bh5 11. Na4 Qb4+ 12. Qd2 Qd6 13. Be2 1-0

[Event "AUTO-OPEN-2259"]
[Site "http://www.queenalice.com/game.php?id=898029"]
[Date "2011.2.9"]
[Round "1"]
[White "fogao2011"]
[Black "paco78"]
[Result "0-1"]
[WhiteElo "1356"]
[BlackElo "1797"]

1. e4 e5 2. Nf3 Nc6 3. Bb5 Nf6 4. O-O a6 5. Bxc6 dxc6 6. Nxe5 Qd4 7. Nf3 Qxe4 8.
Re1 Bc5 9. Nc3 Qe6 10. d4 Bb4 11. Bf4 Bd6 12. Rxe6+ Bxe6 13. Bxd6 cxd6 14. Ng5
Bg4 0-1

[Event "AUTO-OPEN-2259"]
[Site "http://www.queenalice.com/game.php?id=898055"]
[Date "2011.2.9"]
[Round "1"]
[White "Pinehill"]
[Black "fogao2011"]
[Result "1-0"]
[WhiteElo "2004"]
[BlackElo "1441"]

1. e4 e6 2. d4 d5 3. Nd2 c5 4. Ngf3 cxd4 5. Nxd4 Nc6 6. Nb5 Nf6 7. exd5 exd5 8.
Qe2+ Be7 9. Nf3 O-O 10. Bg5 Qa5+ 11. Bd2 Bb4 12. Qd3 Re8+ 13. Be2 Bxd2+ 14. Nxd2
1-0

[Event "AUTO-OPEN-2262"]
[Site "http://www.queenalice.com/game.php?id=899244"]
[Date "2011.2.12"]
[Round "1"]
[White "fogao2011"]
[Black "Liammason"]
[Result "0-1"]
[WhiteElo "1335"]
[BlackElo "1674"]

1. e4 e5 2. Nf3 d6 3. d4 exd4 4. Nxd4 c5 5. Bb5+ Bd7 6. Bxd7+ Nxd7 7. Nf5 Ngf6
8. Nc3 a6 9. Nxd6+ Bxd6 10. Qxd6 Qe7 11. Bf4 Qxd6 0-1

[Event "AUTO-OPEN-2262"]
[Site "http://www.queenalice.com/game.php?id=899245"]
[Date "2011.2.12"]
[Round "1"]
[White "Liammason"]
[Black "fogao2011"]
[Result "1-0"]
[WhiteElo "1671"]
[BlackElo "1344"]

1. e4 e6 2. d4 d5 3. e5 c5 4. Bb5+ Bd7 5. Bxd7+ Nxd7 6. Bf4 Qb6 7. b3 cxd4 8.
Nd2 Ne7 9. g4 Ng6 10. Bg3 Ngxe5 11. h3 Bb4 12. a3 1-0

[Event "AUTO-OPEN-2262"]
[Site "http://www.queenalice.com/game.php?id=899246"]
[Date "2011.2.12"]
[Round "1"]
[White "fogao2011"]
[Black "kinggeorge"]
[Result "0-1"]
[WhiteElo "1356"]
[BlackElo "1339"]

1. e4 e6 2. d4 Qf6 3. Nf3 Bb4+ 4. c3 Ba5 5. Bd3 c6 6. Bg5 Qg6 7. e5 Qh5 8. Nbd2
f6 9. Be3 Nh6 10. Ne4 Bc7 11. exf6 Nf5 12. fxg7 Rg8 13. Nf6+ Kd8 14. Nxh5 b5 15.
Bxf5 exf5 16. Bg5+ Ke8 0-1

[Event "AUTO-OPEN-2262"]
[Site "http://www.queenalice.com/game.php?id=899247"]
[Date "2011.2.12"]
[Round "1"]
[White "kinggeorge"]
[Black "fogao2011"]
[Result "0-1"]
[WhiteElo "1381"]
[BlackElo "1100"]

1. e4 e6 2. Qf3 c5 3. Nc3 Nc6 4. Bc4 Nf6 5. Nh3 d5 6. exd5 Nd4 7. Qd3 exd5 8.
Bxd5 Nxd5 9. Na4 Bf5 10. Qc4 b5 11. Qf1 Qe7+ 12. Kd1 Bxc2# 0-1

[Event "AUTO-OPEN-2262"]
[Site "http://www.queenalice.com/game.php?id=899248"]
[Date "2011.2.12"]
[Round "1"]
[White "fogao2011"]
[Black "goldenboy"]
[Result "0-1"]
[WhiteElo "1335"]
[BlackElo "2132"]

1. e4 e5 2. Nf3 Nc6 3. Bc4 Bc5 4. b4 Bxb4 5. c3 Ba5 6. d4 exd4 7. O-O d6 8. Qb3
Qe7 9. cxd4 Bb6 10. Bb5 Bd7 11. Nc3 Nf6 12. e5 dxe5 13. Ba3 Nxd4 0-1

[Event "AUTO-OPEN-2262"]
[Site "http://www.queenalice.com/game.php?id=899249"]
[Date "2011.2.12"]
[Round "1"]
[White "goldenboy"]
[Black "fogao2011"]
[Result "1-0"]
[WhiteElo "2133"]
[BlackElo "1335"]

1. e4 e6 2. d4 d5 3. exd5 exd5 4. Nf3 Nc6 5. Bb5 Bd6 6. O-O Ne7 7. Re1 O-O 8.
Bg5 f6 9. Bh4 Bg4 10. c3 Nf5 11. Bxc6 bxc6 12. Bg3 Nxg3 13. fxg3 1-0

[Event "AUTO-OPEN-2263"]
[Site "http://www.queenalice.com/game.php?id=899689"]
[Date "2011.2.13"]
[Round "1"]
[White "clovis"]
[Black "fogao2011"]
[Result "1-0"]
[WhiteElo "2056"]
[BlackElo "1356"]

1. e4 e6 2. d4 d5 3. Bd3 dxe4 4. Bxe4 Nf6 5. Nc3 Nxe4 6. Nxe4 Qd5 7. Qf3 Nc6 8.
c3 b6 9. Nh3 Bb7 10. Nd2 O-O-O 11. O-O e5 12. Qxd5 Rxd5 13. dxe5 Nxe5 14. Nb3
Be7 15. Be3 Nc4 16. Nf4 Rd7 17. Bd4 1-0

[Event "AUTO-OPEN-2263"]
[Site "http://www.queenalice.com/game.php?id=899690"]
[Date "2011.2.13"]
[Round "1"]
[White "fogao2011"]
[Black "clovis"]
[Result "0-1"]
[WhiteElo "1356"]
[BlackElo "2054"]

1. e4 e5 2. Nf3 Nc6 3. Bc4 Nf6 4. Ng5 Bc5 5. Nxf7 Qe7 6. Nxh8 d6 7. d3 Be6 8.
Nc3 Kd7 9. O-O Rxh8 10. Bg5 Nd4 11. Nd5 Bxd5 12. Bxd5 c6 13. Bb3 h6 14. Be3 g5
15. c3 Ne6 16. d4 exd4 17. cxd4 Bb6 0-1

[Event "AUTO-OPEN-2263"]
[Site "http://www.queenalice.com/game.php?id=899717"]
[Date "2011.2.13"]
[Round "1"]
[White "fogao2011"]
[Black "chess1200"]
[Result "0-1"]
[WhiteElo "1335"]
[BlackElo "2049"]

1. e4 e5 2. Bc4 Nc6 3. Nc3 Nf6 4. d3 Bc5 5. Be3 Bd4 6. Qd2 d6 7. Nge2 Be6 8. O-O
O-O 9. Bg5 a6 10. Nd5 Bxd5 11. exd5 Nb8 12. Nxd4 exd4 13. Qf4 Nbd7 0-1

[Event "AUTO-OPEN-2263"]
[Site "http://www.queenalice.com/game.php?id=899718"]
[Date "2011.2.13"]
[Round "1"]
[White "chess1200"]
[Black "fogao2011"]
[Result "1-0"]
[WhiteElo "2047"]
[BlackElo "1335"]

1. d4 e6 2. c4 d5 3. Nc3 c6 4. a4 Nf6 5. e3 Nbd7 6. Nf3 Bd6 7. c5 Bc7 8. Bd3 O-O
9. b4 e5 10. dxe5 Nxe5 11. Nxe5 Bxe5 12. Qc2 1-0

[Event "AUTO-OPEN-2263"]
[Site "http://www.queenalice.com/game.php?id=899719"]
[Date "2011.2.13"]
[Round "1"]
[White "fogao2011"]
[Black "deltaboy"]
[Result "0-1"]
[WhiteElo "1356"]
[BlackElo "2322"]

1. e4 e6 2. d4 d5 3. e5 c5 4. c3 Nc6 5. Nf3 f6 6. Bb5 Bd7 7. O-O Qc7 8. Re1 f5
9. Be3 c4 10. Nbd2 g6 11. b3 a6 0-1

[Event "AUTO-OPEN-2263"]
[Site "http://www.queenalice.com/game.php?id=899720"]
[Date "2011.2.13"]
[Round "1"]
[White "deltaboy"]
[Black "fogao2011"]
[Result "1-0"]
[WhiteElo "2321"]
[BlackElo "1356"]

1. c4 e6 2. d4 d5 3. e3 Nf6 4. Nc3 c6 5. Nf3 Nbd7 6. Bd2 Bd6 7. Be2 O-O 8. O-O
Ne4 9. g3 f5 10. Qb3 Qf6 11. Nxe4 1-0